[Event "ch-FRA Blitz Online Qual"]
[Site "Europe-Chess INT"]
[Date "2020.05.16"]
[Round "4"]
[White "Ciccoli, Theo"]
[Black "Bauer, Christian"]
[Result "0-1"]
[BlackTitle "GM"]
[WhiteElo "2178"]
[BlackElo "2623"]
[WhiteFideId "26053780"]
[BlackFideId "603767"]
[EventDate "2020.05.16"]

1. d4 Nf6 2. Nf3 e6 3. e3 c5 4. Bd3 g6 5. O-O Bg7 6. c4 O-O 7. Nc3 b6 8. d5 exd5
9. cxd5 d6 10. e4 Bg4 11. h3 Bxf3 12. Qxf3 a6 13. a4 Nbd7 14. Bf4 Ne8 15. Bh2
Qe7 16. Rfe1 Nc7 17. Qe2 h5 18. Rab1 h4 19. f4 Nf6 20. Bc4 Nh5 21. Qd3 Bd4+ 22.
Kh1 Bf2 23. Re2 Bg3 24. Qf3 Nxf4 25. Re3 Bxh2 26. Kxh2 Qe5 27. Kg1 Nh5 28. Rf1
Ng3 29. Rf2 b5 30. Bd3 c4 31. Bb1 Rae8 32. axb5 axb5 33. Qg4 b4 34. Nd1 Qh5 35.
Qxh5 Nxh5 36. Rc2 Ra8 37. Rxc4 Ra1 38. Bc2 Na6 39. Rc6 Nc5 40. Kf2 b3 41. Bxb3
Nxb3 42. Rxb3 Rxd1 43. Rxd6 Ng3 44. Kf3 Rf1+ 45. Kg4 Nxe4 46. Rdb6 Nf6+ 47. Kxh4
Nxd5 48. Rb7 Re8 49. Rd3 Rf5 50. Kg3 Re3+ 51. Rxe3 Nxe3 52. Rb8+ Kg7 53. b4 Nd5
54. b5 Rg5+ 55. Kf3 Nc3 56. b6 Rb5 57. Ke3 Rxb6 58. Rd8 Re6+ 59. Kf3 Ne4 60. Rd4
Nf6 61. Kg3 Re3+ 62. Kh2 Re4 63. Rd3 g5 64. g4 Nxg4+ 65. hxg4 Rxg4 66. Kh3 Rf4
67. Kg3 Kg6 68. Rd6+ f6 69. Rd8 Ra4 70. Kf3 Kf5 71. Rd5+ Ke6 72. Rd8 Ra3+ 73.
Kg4 Ra4+ 74. Kf3 Ke5 75. Re8+ Kf5 76. Rc8 Ra3+ 77. Kf2 g4 78. Rc4 Kg5 79. Kg2 f5
80. Rc8 Ra2+ 81. Kg1 Kh4 82. Rf8 Kg3 83. Kf1 f4 84. Rc8 f3 0-1

[Event "ch-FRA Blitz Online Qual"]
[Site "Europe-Chess INT"]
[Date "2020.05.16"]
[Round "4"]
[White "Benayoun, Omri"]
[Black "Mamedov, Rauf"]
[Result "0-1"]
[BlackTitle "GM"]
[WhiteElo "1901"]
[BlackElo "2654"]
[WhiteFideId "45113807"]
[BlackFideId "13401653"]
[EventDate "2020.05.16"]

1. d4 d5 2. Nf3 c5 3. c4 e6 4. e3 Nc6 5. Nc3 Nf6 6. a3 a6 7. dxc5 Bxc5 8. b4 Ba7
9. cxd5 exd5 10. Bb2 O-O 11. Be2 Bg4 12. O-O Rc8 13. Rc1 Bb8 14. Nd4 Be6 15. Bf3
Ne5 16. Be2 Re8 17. Nxe6 fxe6 18. Na4 Rxc1 19. Qxc1 Rf8 20. Nc5 Qe7 21. Qa1 Ng6
22. g3 a5 23. Bc3 axb4 24. axb4 b6 25. Nd3 Ne4 26. Bd4 Qg5 27. Bxg7 Rf7 28. Bd4
e5 29. Bxb6 Qf6 30. Bc5 Kg7 31. Qa8 Bd6 32. Bxd6 Qxd6 33. Nc5 Nc3 34. Bg4 e4 35.
Be6 Rf6 36. Qg8+ Kh6 37. h4 Nxh4 38. Qg5+ Kxg5 0-1

[Event "ch-FRA Blitz Online Qual"]
[Site "Europe-Chess INT"]
[Date "2020.05.16"]
[Round "4"]
[White "Vaisser, Anatoly"]
[Black "Sumarriva Paulin, Laura"]
[Result "0-1"]
[WhiteTitle "GM"]
[BlackTitle "WFM"]
[WhiteElo "2504"]
[BlackElo "2023"]
[WhiteFideId "603252"]
[BlackFideId "45102635"]
[EventDate "2020.05.16"]

1. d4 d5 2. c4 dxc4 3. e3 e6 4. Bxc4 Nf6 5. Nf3 c5 6. O-O Nc6 7. Qe2 a6 8. Rd1
b5 9. dxc5 Qc7 10. Bd3 Bxc5 11. Nc3 O-O 12. b3 Bb7 13. Bb2 Be7 14. Rac1 Rac8 15.
Ne4 Nd5 16. Bb1 Rfd8 17. Nfg5 h6 18. Qh5 Bxg5 19. Nxg5 Qe7 20. Bh7+ Kf8 21. Ne4
Ncb4 22. a3 Rxc1 23. Bxc1 Nc6 24. Bb2 Na5 25. Nd2 Nf6 26. Bxf6 Qxf6 27. b4 Nc6
28. Qc5+ Qe7 29. Qc3 Qg5 30. f3 Ne7 31. Bc2 Nf5 32. Qc5+ Kg8 33. Nf1 Qf6 34.
Rxd8+ Qxd8 35. Bxf5 exf5 36. Qxf5 Qd1 37. Qe5 Bd5 38. Kf2 Bc4 39. Qe8+ Kh7 40.
Qe4+ Kg8 41. Ng3 Qd2+ 42. Ne2 Qxe2+ 43. Kg3 Qe1+ 44. Kh3 Qc3 45. Qe8+ Kh7 46.
Qe4+ g6 47. f4 Be6+ 48. Kh4 Qe1+ 49. g3 Qe2 50. Qh1 Qb2 51. h3 Qf6# 0-1

[Event "ch-FRA Blitz Online Qual"]
[Site "Europe-Chess INT"]
[Date "2020.05.16"]
[Round "4"]
[White "Dourerassou, Jonathan"]
[Black "Macqueron, Gregory"]
[Result "1-0"]
[WhiteTitle "GM"]
[WhiteElo "2477"]
[BlackElo "1927"]
[WhiteFideId "628050"]
[BlackFideId "551004240"]
[EventDate "2020.05.16"]

1. e4 d6 2. d4 Nf6 3. Nc3 Nbd7 4. Bc4 e5 5. Nf3 Be7 6. O-O h6 7. Re1 c6 8. a4
Qc7 9. h3 g5 10. Nh2 Nf8 11. d5 Ng6 12. Be3 Nf4 13. dxc6 bxc6 14. Ng4 Bxg4 15.
hxg4 h5 16. gxh5 N6xh5 17. g3 Qd7 18. Bf1 Nh3+ 19. Bxh3 Qxh3 20. Qf3 Nf4 21.
Bxf4 gxf4 22. Qg2 Qh5 23. g4 Qh4 24. Kf1 Rg8 25. f3 Bd8 26. Ke2 Rb8 27. Rh1 Qe7
28. b3 Ba5 29. Na2 d5 30. Rad1 dxe4 31. fxe4 Qa3 32. Nc1 Qb2 33. Kf1 Ke7 34. Nd3
Qc3 35. Rh5 Bc7 36. Qd2 Qd4 37. Nxe5 Qxd2 38. Nxc6+ Kf8 39. Rxd2 Re8 40. e5 Rxg4
41. Rd7 Bb6 42. Rh8+ Kg7 43. Rxe8 f3 44. Nd4 Bxd4 45. Rxd4 Rxd4 46. Kf2 Rd2+ 47.
Kxf3 Rxc2 48. Rb8 Rc3+ 49. Ke4 a5 50. Rb5 Kg6 51. Rb6+ Kg7 52. Rb7 Kg6 53. Kd4
Rg3 54. Rb6+ Kf5 55. Rf6+ Kg5 56. Rxf7 Rxb3 57. Kd5 Rb4 58. e6 Rxa4 59. e7 Ra1
60. e8=Q Rd1+ 61. Kc5 Re1 62. Qg8+ 1-0

[Event "ch-FRA Blitz Online Qual"]
[Site "Europe-Chess INT"]
[Date "2020.05.16"]
[Round "4"]
[White "Viennot, Dylan"]
[Black "Tomasi, Elise"]
[Result "1-0"]
[WhiteTitle "FM"]
[WhiteElo "2331"]
[BlackElo "2030"]
[WhiteFideId "676098"]
[BlackFideId "26088843"]
[EventDate "2020.05.16"]

1. e4 c5 2. Nf3 Nc6 3. Bb5 g6 4. O-O Nf6 5. Re1 Bg7 6. c3 O-O 7. h3 d6 8. d4
cxd4 9. cxd4 a6 10. Bf1 d5 11. e5 Ne4 12. Nbd2 Nxd2 13. Bxd2 b5 14. Rc1 Qb6 15.
Be3 Bd7 16. Qd2 Rac8 17. Rc5 Na5 18. Rec1 Nc4 19. Bxc4 bxc4 20. Rxd5 Bc6 21. Rc5
Bxf3 22. gxf3 Rxc5 23. dxc5 Qc7 24. f4 Rd8 25. Qc3 Qd7 26. Qxc4 Qxh3 27. c6 Qg4+
28. Kf1 Qh3+ 29. Ke1 Qh1+ 30. Ke2 Qh5+ 31. f3 Qh2+ 32. Bf2 Bh6 33. c7 Rc8 34.
Rd1 Qh3 35. e6 Kg7 36. Rd8 Rxc7 37. Qxc7 Qxe6+ 38. Qe5+ 1-0

[Event "ch-FRA Blitz Online Qual"]
[Site "Europe-Chess INT"]
[Date "2020.05.16"]
[Round "4"]
[White "Okhotnik, Vladimir"]
[Black "Lesueur, Gabriel"]
[Result "1-0"]
[WhiteTitle "GM"]
[WhiteElo "2359"]
[BlackElo "1906"]
[WhiteFideId "14101289"]
[BlackFideId "45186359"]
[EventDate "2020.05.16"]

1. e4 e6 2. d4 d5 3. exd5 exd5 4. c4 Bb4+ 5. Nc3 Nf6 6. Bd3 O-O 7. Nf3 Re8+ 8.
Be3 dxc4 9. Bxc4 Be6 10. Bxe6 Rxe6 11. Qb3 Nc6 12. O-O Bxc3 13. bxc3 Na5 14. Qb4
Qd5 15. Ne5 Rb6 16. Qa4 Qb5 17. Qc2 Nc4 18. Rab1 Qd5 19. Rxb6 axb6 20. Nf3 Nxe3
21. fxe3 Rxa2 22. Qd3 Qe4 23. Qxe4 Nxe4 24. c4 Nd2 25. Nxd2 Rxd2 26. Ra1 f6 27.
Ra7 Rc2 28. Rxb7 Rxc4 29. Kf2 Kf7 30. Ke2 Ke6 31. Kd3 Rc1 32. Kd2 Rc4 33. Kd3
Rc1 34. e4 g6 35. Rb8 c5 36. d5+ Kd6 37. Rc8 Rd1+ 38. Ke3 Rg1 39. Rc6+ Ke5 40.
Re6# 1-0

[Event "ch-FRA Blitz Online Qual"]
[Site "Europe-Chess INT"]
[Date "2020.05.16"]
[Round "4"]
[White "Bosc, Gabriel"]
[Black "Cotonnec, Melkior"]
[Result "0-1"]
[BlackTitle "IM"]
[WhiteElo "1994"]
[BlackElo "2300"]
[WhiteFideId "26086743"]
[BlackFideId "633275"]
[EventDate "2020.05.16"]

1. f4 d5 2. Nf3 Nf6 3. b3 c5 4. Bb2 Nc6 5. e3 a6 6. c4 e6 7. Be2 Be7 8. O-O b6
9. d3 Bb7 10. Ne5 O-O 11. Bf3 Rc8 12. Qe2 b5 13. Nc3 b4 14. Nb1 Nd7 15. Nxc6
Bxc6 16. Nd2 Bf6 17. Bxf6 Qxf6 18. Rab1 Nb6 19. h3 Rfd8 20. Kh2 h6 21. g4 Rd6
22. Rg1 dxc4 23. dxc4 Rcd8 24. Nf1 Bxf3 25. Qxf3 a5 26. Rg2 Qc3 27. Qb7 a4 28.
Qc7 axb3 29. axb3 Qd3 30. Rgb2 Rc8 31. Qb7 Rcd8 32. Qc7 Qe4 33. Qxc5 Rd1 34.
Qxb6 R8d3 35. Rxd1 Rxd1 36. Rf2 Qd3 37. Qb8+ Kh7 38. Kg1 Qxb3 39. Qe5 Qxc4 40.
Qb2 b3 41. h4 Rc1 42. g5 Rc2 43. Qb1 hxg5 44. hxg5 Kg8 45. Rxc2 Qxc2 46. Qe1 b2
47. Nd2 Qc1 48. Kf2 f6 49. Ke2 fxg5 50. fxg5 Kf7 51. Nb1 Kg6 52. Nd2 Kxg5 53.
Nf3+ Kg6 54. Qg3+ Kf7 55. Qf4+ Ke8 56. Qb8+ Ke7 57. Qb7+ Kf6 58. Nd2 Qc2 59. Qb4
g5 60. Qd4+ Kf7 61. Qb4 g4 62. Qb7+ Kg6 63. Qb4 Kf5 64. Qb5+ Kf6 65. Qb4 g3 66.
Qf4+ Ke7 67. Qg5+ Kd7 68. Qg7+ Kc6 69. Qxg3 b1=Q 70. Qf3+ Kb6 71. Qf4 Qd3+ 72.
Kf3 Qxd2 0-1

[Event "ch-FRA Blitz Online Qual"]
[Site "Europe-Chess INT"]
[Date "2020.05.16"]
[Round "4"]
[White "Navrotescu, Catalin"]
[Black "Nineuil, Vincent"]
[Result "1-0"]
[WhiteTitle "IM"]
[WhiteElo "2348"]
[BlackElo "1920"]
[WhiteFideId "1200208"]
[BlackFideId "688380"]
[EventDate "2020.05.16"]

1. d4 Nf6 2. g3 e6 3. Nf3 d5 4. Bg2 Be7 5. O-O O-O 6. b3 b6 7. Bb2 Bb7 8. c4 c5
9. cxd5 exd5 10. Nbd2 Nbd7 11. Rc1 Rc8 12. Bh3 Rc7 13. dxc5 bxc5 14. Ne5 Nxe5
15. Bxe5 Bd6 16. Bb2 Re8 17. Bg2 Qe7 18. e3 Be5 19. Qc2 Bxb2 20. Qxb2 Rec8 21.
Rc2 Ba6 22. Rfc1 Bd3 23. Rc3 c4 24. Bf1 Ne4 25. Nxe4 Qxe4 26. Bxd3 Qe5 27. bxc4
dxc4 28. Bf1 Qe6 29. Qb4 h5 30. Rxc4 Rxc4 31. Rxc4 Rd8 32. Qb3 g6 33. Rd4 Qe7
34. Rxd8+ Qxd8 35. h4 Qc7 36. Bc4 Kg7 37. Qc3+ Kg8 38. Qd4 Qb7 39. e4 Qc7 40.
Kg2 Qb7 41. Bd5 Qc7 42. Qf6 Qd7 43. Qxg6+ 1-0

[Event "ch-FRA Blitz Online Qual"]
[Site "Europe-Chess INT"]
[Date "2020.05.16"]
[Round "4"]
[White "Bulmaga, Irina"]
[Black "Mataigne, Jean-Michel"]
[Result "1-0"]
[WhiteTitle "IM"]
[WhiteElo "2440"]
[BlackElo "1900"]
[WhiteFideId "13903063"]
[BlackFideId "618250"]
[EventDate "2020.05.16"]

1. e4 d6 2. d4 Nf6 3. Nc3 g6 4. Nf3 Bg7 5. h3 a6 6. a4 b6 7. Bd3 Bb7 8. O-O O-O
9. Re1 Nc6 10. Bg5 e5 11. dxe5 dxe5 12. Nd5 Nd4 13. Nxd4 exd4 14. Nxf6+ Bxf6 15.
Bh6 Re8 16. Qg4 c5 17. b3 Qe7 18. f4 Rad8 19. Re2 Bc8 20. Qf3 Bg7 21. Bxg7 Kxg7
22. Rf1 Qh4 23. e5 Be6 24. f5 Bd5 25. Be4 Bxe4 26. Rxe4 Qg5 27. f6+ Kg8 28. e6
Rxe6 29. Rxe6 fxe6 30. Qb7 Qe3+ 31. Kh1 Qh6 32. Qe7 Rf8 33. f7+ Kh8 34. Qxe6 Qg7
35. Qxb6 Rxf7 36. Rxf7 Qxf7 37. Qxa6 Qf1+ 38. Qxf1 1-0

[Event "ch-FRA Blitz Online Qual"]
[Site "Europe-Chess INT"]
[Date "2020.05.16"]
[Round "4"]
[White "Coiffait, Pierre-Basile"]
[Black "Calistri, Tristan"]
[Result "1-0"]
[BlackTitle "IM"]
[WhiteElo "2261"]
[BlackElo "2288"]
[WhiteFideId "20665342"]
[BlackFideId "607843"]
[EventDate "2020.05.16"]

1. e4 c5 2. Nf3 d6 3. d4 cxd4 4. Nxd4 Nf6 5. f3 a6 6. c4 e6 7. Nc3 b6 8. Be3 Bb7
9. Be2 Qc7 10. O-O Be7 11. Qd2 O-O 12. Rfc1 Re8 13. a4 Bf8 14. a5 bxa5 15. Nb3
Nc6 16. Kh1 Rab8 17. Nd5 Qd8 18. Bb6 Qd7 19. Nxf6+ gxf6 20. Nxa5 Ba8 21. Be3
Nxa5 22. Rxa5 Rb3 23. Bd1 Rbb8 24. Rxa6 Qb7 25. Ra2 f5 26. exf5 Bg7 27. Ba4 Red8
28. Bg5 Rdc8 29. f6 Bh8 30. Qf4 Rc5 31. Bh6 Rbc8 32. Qg3+ 1-0

[Event "ch-FRA Blitz Online Qual"]
[Site "Europe-Chess INT"]
[Date "2020.05.16"]
[Round "4"]
[White "Shirazi, Kamran"]
[Black "Goulesque, Camille"]
[Result "1-0"]
[WhiteTitle "IM"]
[WhiteElo "2355"]
[BlackElo "1899"]
[WhiteFideId "2000733"]
[BlackFideId "26086140"]
[EventDate "2020.05.16"]

1. e4 g6 2. h4 Bg7 3. h5 d5 4. exd5 Qxd5 5. Nc3 Qa5 6. Nge2 Nd7 7. d4 c6 8. Bf4
Ndf6 9. h6 Bf8 10. Qd2 Bf5 11. f3 O-O-O 12. g4 Be6 13. Be5 Bd5 14. Rh3 Be6 15.
g5 Bxh3 16. Bxh3+ e6 17. O-O-O Qxe5 18. dxe5 Rxd2 19. Rxd2 Nh5 20. Bg4 Be7 21.
Bxh5 gxh5 22. f4 Bb4 23. a3 Ba5 24. Rd3 Ne7 25. Rh3 Nf5 26. Rxh5 Bxc3 27. Nxc3
Rd8 28. Ne4 Rd4 29. Nf6 Ne3 30. b3 Rd1+ 31. Kb2 Rd2 32. Nxh7 Rxc2+ 33. Kb1 Rf2
34. Nf6 Rf1+ 35. Kb2 Rf2+ 36. Kc1 Rc2+ 37. Kb1 Rd2 38. h7 Kc7 39. h8=Q 1-0

[Event "ch-FRA Blitz Online Qual"]
[Site "Europe-Chess INT"]
[Date "2020.05.16"]
[Round "4"]
[White "Vlachos, Anatole"]
[Black "Delin, Valere"]
[Result "1-0"]
[WhiteTitle "IM"]
[WhiteElo "2401"]
[BlackElo "2043"]
[WhiteFideId "26093189"]
[BlackFideId "45107254"]
[EventDate "2020.05.16"]

1. f4 e5 2. fxe5 d6 3. exd6 Bxd6 4. Nf3 Nc6 5. c3 g5 6. g3 Bd7 7. d4 g4 8. Nh4
Qe7 9. Bg2 f5 10. O-O O-O-O 11. Nxf5 Bxf5 12. Rxf5 h5 13. e4 h4 14. Bg5 Qh7 15.
Bxh4 Be7 16. Rf1 Bxh4 17. Qxg4+ Kb8 18. Qxh4 Qg7 19. Qf4 Nh6 20. Na3 Ng4 21. h3
Nxd4 22. Qxg4 Qe5 23. cxd4 Qxd4+ 24. Kh2 Rdg8 25. Qf3 Qxb2 26. Kg1 a6 27. Qf2
Qe5 28. Rae1 Rxg3 29. Re3 Rg7 30. Kh1 Rhg8 31. Rg1 Qe6 32. Nc2 Rf7 33. Qe2 Rgf8
34. Ne1 Rf2 35. Qg4 Qxg4 36. hxg4 Rh8+ 37. Rh3 Rg8 38. Rh4 Rxa2 39. Rf1 b5 40.
Nd3 Rd2 41. Nc5 Ka7 42. e5 Kb6 43. Ne4 Re2 44. e6 b4 45. e7 Re8 46. Rh7 b3 47.
Nc3 R2xe7 48. Rxe7 Rxe7 49. Nd5+ 1-0

[Event "ch-FRA Blitz Online Qual"]
[Site "Europe-Chess INT"]
[Date "2020.05.16"]
[Round "4"]
[White "Evrin, Selvam"]
[Black "Barseghyan, Harutyun"]
[Result "0-1"]
[BlackTitle "IM"]
[WhiteElo "1882"]
[BlackElo "2463"]
[WhiteFideId "36094404"]
[BlackFideId "13304585"]
[EventDate "2020.05.16"]

1. e4 e6 2. d4 d5 3. Nc3 Bb4 4. e5 Ne7 5. h4 c5 6. Bd2 O-O 7. Nb5 Bxd2+ 8. Qxd2
a6 9. Nc3 cxd4 10. Qxd4 Nbc6 11. Qd2 Nxe5 12. O-O-O b5 13. h5 h6 14. Qf4 Qc7 15.
Nf3 Nd3+ 0-1

[Event "ch-FRA Blitz Online Qual"]
[Site "Europe-Chess INT"]
[Date "2020.05.16"]
[Round "4"]
[White "Le Goff, Damien"]
[Black "Bellahcene, Rayane"]
[Result "1-0"]
[WhiteTitle "FM"]
[WhiteElo "2281"]
[BlackElo "2046"]
[WhiteFideId "634808"]
[BlackFideId "678392"]
[EventDate "2020.05.16"]

1. e4 e5 2. Nf3 Nc6 3. Bb5 a6 4. Ba4 d6 5. c3 g6 6. d4 Bd7 7. Bc2 Bg7 8. Be3 Nf6
9. h3 O-O 10. Nbd2 Re8 11. O-O Qe7 12. Re1 Rad8 13. a4 h6 14. d5 Nb8 15. c4 Nh7
16. c5 dxc5 17. Nb3 b6 18. a5 Ng5 19. Nxg5 hxg5 20. f3 Bb5 21. Qc1 f6 22. Rd1
Bf8 23. Nd2 Qd7 24. Bb3 Qc8 25. Nc4 Bxc4 26. Bxc4 b5 27. Ba2 c4 28. b3 cxb3 29.
Bxb3 Bd6 30. Ra2 Kg7 31. Rc2 Rh8 32. Bc5 Bxc5+ 33. Rxc5 Rd7 34. d6 1-0

[Event "ch-FRA Blitz Online Qual"]
[Site "Europe-Chess INT"]
[Date "2020.05.16"]
[Round "4"]
[White "Frey, Thierry"]
[Black "Louistisserand, Patrick"]
[Result "0-1"]
[BlackTitle "FM"]
[WhiteElo "1792"]
[BlackElo "2245"]
[WhiteFideId "1317709"]
[BlackFideId "635049"]
[EventDate "2020.05.16"]

1. e4 c5 2. Nf3 e6 3. d4 cxd4 4. Nxd4 Nf6 5. Nc3 Nc6 6. Ndb5 d6 7. Bf4 e5 8. Bg5
a6 9. Na3 b5 10. Nd5 Be7 11. Bxf6 Bxf6 12. c3 Rb8 13. Nc2 Bg5 14. g3 a5 15. Bg2
Ne7 16. O-O Be6 17. Nxe7 Qxe7 18. h4 Bh6 19. Qe2 Bc4 20. Qf3 Bxf1 21. Rxf1 O-O
22. Ne3 Bxe3 23. Qxe3 Rfc8 24. f4 b4 25. cxb4 exf4 26. Qxf4 Rxb4 27. Rd1 Rxb2
28. Bh3 Qa7+ 29. Kh1 Rcc2 30. Qxd6 Rh2# 0-1

[Event "ch-FRA Blitz Online Qual"]
[Site "Europe-Chess INT"]
[Date "2020.05.16"]
[Round "4"]
[White "Auder, Benjamin"]
[Black "Saada, Julien"]
[Result "0-1"]
[BlackTitle "FM"]
[WhiteElo "1934"]
[BlackElo "2250"]
[WhiteFideId "635065"]
[BlackFideId "625388"]
[EventDate "2020.05.16"]

1. c4 e6 2. Nf3 d5 3. e3 Nf6 4. b3 Be7 5. Bb2 b6 6. Be2 Bb7 7. O-O O-O 8. d3 c5
9. Nbd2 Nc6 10. Ne5 Nxe5 11. Bxe5 Bd6 12. Bxd6 Qxd6 13. Qc2 Rad8 14. Rad1 e5 15.
Bf3 Rfe8 16. cxd5 Nxd5 17. Nc4 Qc7 18. a3 Rd7 19. Rd2 Red8 20. Rfd1 f6 21. Nb2
Ba6 22. h3 Ne7 23. d4 cxd4 24. Qxc7 Rxc7 25. exd4 Rcd7 26. g3 Rxd4 27. Rxd4 Rxd4
28. Rxd4 exd4 29. Be4 Kf7 30. Bd3 Bxd3 31. Nxd3 Ke6 32. f3 a5 33. Kf2 g5 34. Ke2
Kd5 35. Kd2 Nf5 36. g4 Nh4 37. Ne1 Ng6 38. Ng2 Ke5 39. Kd3 Kd5 40. b4 axb4 41.
axb4 Ne5+ 42. Ke2 Kc4 43. f4 Nc6 44. fxg5 fxg5 45. h4 h6 46. h5 Ne5 47. Ne1 Kxb4
48. Nc2+ Kc3 49. Na3 d3+ 50. Kd1 Nxg4 51. Nb5+ Kb4 52. Nd4 Kc4 53. Nf5 Kc3 54.
Kc1 d2+ 55. Kd1 Nf2+ 0-1

[Event "ch-FRA Blitz Online Qual"]
[Site "Europe-Chess INT"]
[Date "2020.05.16"]
[Round "4"]
[White "Saya, Ethan"]
[Black "Belattar, Salah-Eddine"]
[Result "1-0"]
[WhiteElo "2199"]
[BlackElo "1886"]
[WhiteFideId "26095181"]
[BlackFideId "9001468"]
[EventDate "2020.05.16"]

1. e4 c5 2. Nc3 Nc6 3. Bb5 g6 4. Bxc6 dxc6 5. d3 Bg7 6. f4 e6 7. Nf3 Ne7 8. O-O
O-O 9. Qe1 h6 10. Qh4 f5 11. e5 Nd5 12. Qxd8 Rxd8 13. Bd2 b5 14. Ne2 b4 15. a3
a5 16. d4 Ba6 17. Rfe1 Bxe2 18. Rxe2 cxd4 19. axb4 axb4 20. Rxa8 Rxa8 21. Nxd4
Nxf4 22. Bxf4 g5 23. Bd2 c5 24. Nxe6 Ra2 25. Nxg7 Kxg7 26. e6 Kf8 27. Be3 c4 28.
Bc5+ Ke8 29. Bxb4 Rxb2 30. Bc5 g4 31. g3 h5 32. e7 h4 33. Rd2 Rb1+ 34. Kf2 hxg3+
35. hxg3 Rb8 36. Ke3 c3 37. Rd8+ Rxd8 38. exd8=Q+ Kxd8 39. Kf4 Kc7 40. Kxf5 Kc6
41. Bd4 Kd5 42. Bxc3 Kc4 43. Kxg4 Kxc3 44. Kf5 Kxc2 45. g4 Kd3 46. g5 Ke3 47. g6 1-0

[Event "ch-FRA Blitz Online Qual"]
[Site "Europe-Chess INT"]
[Date "2020.05.16"]
[Round "4"]
[White "Dimey, Cyrille"]
[Black "Song, Julien"]
[Result "0-1"]
[BlackTitle "IM"]
[WhiteElo "1871"]
[BlackElo "2306"]
[WhiteFideId "20658273"]
[BlackFideId "659487"]
[EventDate "2020.05.16"]

1. d4 Nf6 2. c4 e6 3. Nc3 Bb4 4. e3 O-O 5. Ne2 Re8 6. Ng3 b6 7. Be2 Bb7 8. Bf3
Bxf3 9. Qxf3 d5 10. cxd5 exd5 11. O-O Bxc3 12. bxc3 Ne4 13. Nxe4 dxe4 14. Qd1
Nc6 15. f3 Qd5 16. f4 f5 17. Qb3 Rad8 18. Qxd5+ Rxd5 19. a4 Na5 20. Ba3 Nc4 21.
Bb4 Nxe3 22. a5 Nxf1 0-1

[Event "ch-FRA Blitz Online Qual"]
[Site "Europe-Chess INT"]
[Date "2020.05.16"]
[Round "4"]
[White "Buksa, Nataliya"]
[Black "Bernard, Louis"]
[Result "1-0"]
[WhiteTitle "IM"]
[WhiteElo "2410"]
[BlackElo "1993"]
[WhiteFideId "14123622"]
[BlackFideId "36075191"]
[EventDate "2020.05.16"]

1. d4 d5 2. Nc3 e6 3. Bf4 Bd6 4. e3 Bxf4 5. exf4 Nf6 6. Nf3 b6 7. Bd3 Bb7 8. O-O
O-O 9. Ne2 c5 10. c3 Nc6 11. Ne5 Qc7 12. Re1 Rae8 13. Rc1 Nd7 14. Bb1 Ndxe5 15.
fxe5 f5 16. exf6 Rxf6 17. Ng3 Ref8 18. Qd3 g6 19. Re2 Qf4 20. Rce1 cxd4 21. Nh5
Qg5 22. Nxf6+ Rxf6 23. cxd4 Nb4 24. Qg3 Qxg3 25. hxg3 Bc8 26. Rc1 Ba6 27. Re3
Rf7 28. a3 1-0

[Event "ch-FRA Blitz Online Qual"]
[Site "Europe-Chess INT"]
[Date "2020.05.16"]
[Round "4"]
[White "Martinez, Felicien"]
[Black "Navrotescu, Andreea-Cristiana"]
[Result "0-1"]
[BlackTitle "WIM"]
[WhiteElo "1867"]
[BlackElo "2284"]
[WhiteFideId "45141207"]
[BlackFideId "675946"]
[EventDate "2020.05.16"]

1. c4 e5 2. g3 Nf6 3. Bg2 c6 4. Nf3 e4 5. Nd4 d5 6. cxd5 Qxd5 7. Nc2 Qh5 8. Nc3
Bh3 9. Bxh3 Qxh3 10. d3 Qg2 11. Rf1 exd3 12. Qxd3 Nbd7 13. Bf4 Be7 14. O-O-O O-O
15. Ne3 Qh3 16. Nf5 Bb4 17. f3 Bxc3 18. bxc3 Nc5 19. Qc2 Rfe8 20. g4 Nd5 21. Bg3
g6 22. e4 gxf5 23. exd5 Qh6+ 24. f4 fxg4 25. d6 Rad8 26. Qf5 Ne4 27. d7 Re7 28.
Qxg4+ Qg6 29. Qxg6+ hxg6 30. Bh4 f6 31. Rfe1 Kf7 32. Kc2 Nc5 33. Rg1 Rexd7 34.
Rxd7+ Rxd7 35. Bg3 Ne4 36. Re1 f5 37. Bh4 Rd2+ 38. Kb3 Rxh2 39. Bd8 Rd2 40. Bc7
Rd7 41. Be5 b6 42. Rh1 Nc5+ 43. Kc2 Ne6 44. Rh7+ Ke8 45. Rh8+ Nf8 46. Rh6 Kf7
47. Rh8 Rd8 48. Rh1 Ke6 49. Rh6 Kd5 50. Bg7 Ke4 51. Be5 b5 52. Rh1 Kf3 53. Rf1+
Kg2 54. Re1 Ne6 55. Rb1 Nc5 56. Re1 Ne4 57. a4 Rd2+ 58. Kb3 Nc5+ 59. Kb4 Nxa4
60. Ka5 Rd3 61. Rc1 Kf2 62. Rc2+ Ke3 63. Ka6 Ke4 64. Kxa7 g5 65. Bc7 gxf4 66.
Kb7 f3 67. Kxc6 Rxc3+ 68. Rxc3 Nxc3 69. Bb6 b4 0-1

[Event "ch-FRA Blitz Online Qual"]
[Site "Europe-Chess INT"]
[Date "2020.05.16"]
[Round "4"]
[White "Lebrun, Elias"]
[Black "Bassini, Emile"]
[Result "1-0"]
[WhiteElo "1880"]
[BlackElo "2288"]
[WhiteFideId "26073110"]
[BlackFideId "26084074"]
[EventDate "2020.05.16"]

1. d4 Nf6 2. c4 e6 3. Nc3 Bb4 4. Qc2 d5 5. Nf3 O-O 6. Bg5 c5 7. e3 cxd4 8. Nxd4
dxc4 9. Bxc4 Nbd7 10. O-O Ne5 11. Be2 h6 12. Bh4 Ng6 13. Bg3 e5 14. Nb3 Bg4 15.
Bd3 Qe7 16. Bxg6 fxg6 17. Qxg6 Bxc3 18. bxc3 e4 19. Nd4 Qc5 20. Bh4 Bh5 21. Qg3
Nh7 22. Ne6 Qf5 23. Qxg7# 1-0

[Event "ch-FRA Blitz Online Qual"]
[Site "Europe-Chess INT"]
[Date "2020.05.16"]
[Round "4"]
[White "Doluhanova, Evgeniya"]
[Black "Fretel, Liza"]
[Result "0-1"]
[WhiteTitle "WGM"]
[WhiteElo "2229"]
[BlackElo "1934"]
[WhiteFideId "14112035"]
[BlackFideId "26045460"]
[EventDate "2020.05.16"]

1. Nf3 c5 2. b3 Nc6 3. Bb2 Nf6 4. e3 d6 5. d4 cxd4 6. Nxd4 e6 7. Be2 Be7 8. O-O
O-O 9. c4 Qc7 10. Nd2 b6 11. Nxc6 Qxc6 12. Bf3 d5 13. Rc1 Qd7 14. cxd5 Nxd5 15.
e4 Nf4 16. Nc4 Qxd1 17. Rfxd1 Bb7 18. Rd7 Bxe4 19. Bxe4 Ne2+ 20. Kf1 Nxc1 21.
Bxa8 Bg5 22. Bf3 Rc8 23. Rd1 Nxa2 24. g3 Nb4 25. h4 Bf6 26. Bxf6 gxf6 27. Rd7 b5
28. Nd6 Rc3 29. Kg2 Rd3 30. Rd8+ Kg7 31. Ne8+ Kf8 32. Rxd3 Nxd3 33. Nxf6 Ne1+
34. Kf1 Nxf3 35. Ne4 f5 36. Nc5 Ke7 37. Ke2 Nd4+ 38. Kd3 e5 39. Kc3 Kd6 40. Nd3
Nc6 41. b4 Kd5 42. Nc5 a5 43. Nd7 axb4+ 44. Kb3 Kd6 45. Nf6 e4 46. Nxh7 Kc5 47.
Nf8 Na5+ 48. Kc2 b3+ 49. Kb2 Kb4 50. h5 Nc4+ 51. Kb1 Kc3 52. Nd7 Nd2+ 0-1